Представление документа в формате MARC21

Поле Инд. ПП Название Значение
Тип записи a
Библиографический уровень m
001 Контрольный номер fe9f9d0f0d5947629837115f7974bd48
005 Дата корректировки 20251013102419.6
008 Кодируемые данные 20211217
084 a Индекс другой классификации/Индекс ББК 60.9
090 a Полочн. индекс 95.2+60.9
099 a Индекс 80805
245 a Заглавие Социальная работа
n Номер части/ раздела №5/2021
b Продолж. заглавия научно-популярный журнал
c Ответственность гл. ред. А.Н. Дашкина
h Физич. носитель Текст
260 c Дата издания 2021
b Издательство Альянс специалистов социальной работы
a Место издания Москва
300 a Объем 64 с.
500 a Примечание Журнал
650 a Основная рубрика социальная работа
773 w Контрольный № источника RU/IS/BASE/408647228
900 a Имя электронного ресурса P_sots_rabota_5_21
x Справочная информация Оглавление
901 t Тип документа s
952 a Тип литературы для КСУ ВШ НПЖ
991 s 3